Una nueva nación : (Registro nro. 13771)

Detalles MARC
000 -LIDER
fixed length control field 01858nam a22002777a 4500
003 - IDENTIFICACDOR DE NÚMERO DE CONTROL
control field DO-SdBPM
005 - DATE AND TIME OF LATEST TRANSACTION
control field 20250224090131.0
008 - ELEMENTOS DE LONGITUD FIJA
fixed length control field 211008b2000 xx ||||00| 0 spa d
020 ## - ISBN
International Standard Book Number 0021478082
040 ## - FUENTE DE CATALOGACIÓN
Agencia que crea de manera original el registro DO-SdBPM
Idioma de catalogación spa
Agencia que realiza la transcripción BPMSU
082 #4 - NÚMERO DE CLASIFICACIÓN DECIMAL DE DEWEY
Classification number 917.3
Item number U54n 2000
Edition number 22
245 00 - MENCIÓN DE TITULO
Título Una nueva nación :
Subtítulo aventuras a través del tiempo /
Mención de responsabilidad James A Banks... [et.al]
260 ## - PUBLICACIÓN, DISTRIBUCIÓN, ETC. (PIE DE IMPRENTA)
Lugar de publicación, distribución, etc New York ;
Nombre del editor, distribuidor, etc. McGraw-Hill,
Fecha de publicación, distribución, etc 2000
300 ## - DESCRIPCIÓN FÍSICA
Extensión 669 p.
Dimensiones 27 cm.
500 ## - NOTA GENERAL
Nota general Incluye índice
500 ## - NOTA GENERAL
Nota general Cristóbal Colon y los taínos [República Dominicana] p. 133
505 0# - NOTA DE CONTENIDO
Texto normalizado de contenido Nuestro medio ambiente.-- La vida en Estados Unidos. La geografía de Estados Unidos -- Las culturas oriental y occidental -- Los indígenas de América del norte -- El mundo se hace más pequeño-- Contacto y exploración -- El encuentro entre el este y el oeste. -- Los primeros asentamientos ingleses en América del norte. -- Las vida en la trece colonia -- Trece colonias inglesas Las colonias de nueva Inglaterra-- Las colonias del centro --Las colonias del sur- La vida en las trece colonias inglesas-- La lucha por la independencia -- La lucha por América del norte -- La ruptura con gran Bretaña -- La guerra de independencia -- La formación de Estados Unidos -- La constitución de Estados Unidos -- Una nación joven -- Expansión hacia el oeste -- Cambios en el modo de vida estadounidense -- En busca de una vida mejor -- Estados Unidos, pasado y presente -- El fin de la esclavitud -- Inmigrantes y emigrantes -- Libertad y justicia para todos.
590 ## - NOTA LOCAL
Texto de la nota local Inventariado 2025/VM
Enlace
650 #4 - ENCABEZAMIENTO DE MATERIA--TEMÁTICO
Término temático o nombre geográfico como elemento de entrada Medio ambiente
Subdivisión geográfica Estados Unidos
650 #4 - ENCABEZAMIENTO DE MATERIA--TEMÁTICO
Término temático o nombre geográfico como elemento de entrada Historia de Estados Unidos
651 #4 - ENCABEZAMIENTO DE MATERIA--NOMBRE GEOGRÁFICO
Nombre geográfico Estados Unidos
Subdivisión temática general Geografía
700 1# - ASIENTO SECUNDARIO -- NOMBRE PERSONAL
Nombre personal Banks, James A
710 2# - ASIENTO SECUNDARIO -- NOMBRE CORPORATIVO
Nombre corporativo o de jurisdicción National Geographic society
910 ## - VALIDACIÓN
Validación VMateo V. Control de calidad. BPMSU
942 ## - ADDED ENTRY ELEMENTS (KOHA)
Source of classification or shelving scheme Dewey Decimal Classification
Koha item type Libros
Existencias
Withdrawn status Lost status Source of classification or shelving scheme Damaged status Not for loan Collection code Home library Current library Date acquired Source of acquisition Total Checkouts Full call number Barcode Date last seen Price effective from Koha item type Copy number
    Dewey Decimal Classification     Colección Dominicana Biblioteca Pública Metropolitana Salomé Ureña Biblioteca Pública Metropolitana Salomé Ureña 10/08/2021   BPMSU CG 917.3 U54n 2000 BPMSU21100061 10/08/2021 10/08/2021 Libros  
    Dewey Decimal Classification     Colección Dominicana Biblioteca Pública Metropolitana Salomé Ureña Biblioteca Pública Metropolitana Salomé Ureña 10/08/2021   BPMSU CG 917.3 U54n 2000 BPMSU21100062 10/08/2021 10/08/2021 Libros e.2